00988nam a22002532a 45000010005000000030008000050050017000130080041000300200015000710350050000860400037001360410011001730820018001841000025002022450122002272600068003493000043004175040025004606500045004857000026005309420012005569990015005689520151005837988BD-RjUL20211208234515.0160114s1971 enka b 000 0 eng d a0850590604 aOCLC ocm00286361 from D951005Ma(BD-RjUL)8033 aDLCcDLCdUKMdEQOdBD-RjULbeng1 aengger a358.1809bHAT1 aHalle, Armin.92492310aTanks:ban illustrated history of fighting vehicles /c[translated from the German M.S.]; illustrated by Carlo Demand aLondon :b(9 Ely Pl., EC1N 6SQ), Patrick Stephens Ltd ,cc1971. a176 p. :billus. (some col.).c31 cm . aBibliography: p. 175 0aTanks (Military science)xHistory9249241 aDemand, Carlo.924925 2ddccBK c7988d7988 00102ddc40718NFICaRUCLbRUCLcstackd1975-12-02eGonathan Wares and Co.g9.80l0o358.1809 HAT 1971r2014-01-16 00:00:00tC-1w2014-01-16yBK